000 00643nam a2200253Ia 4500
001 36736
005 20240114001906.0
007 ta
008 070508s379B a g b000 u 346 u
040 _aCotton College,Assam
041 _a346
082 _a796.33
_bB 651 F
100 _aBasu, Ajay .
245 0 _aFootballe Sonar Pari /
_cAjay Basu.
_hTextual Documents
250 _a1st ed. /
260 _aCalcutta :
_bGrantha Prakash ,
_c1379Bangabda.
300 _a125p. :
_bill ;
_c22cm .
653 _aGames
653 _aFootball
653 _aG-Technology
942 _2ddc
_cBK
999 _c36718
_d36718